000 00694nam a2200241 a 4500
001 000012755
005 20200929163053.0
008 091116s1988 sp 000 f spa d
020 _a8439714440
040 _aDO-SdBNP
_bspa
_cBNPHU
082 _a863.64
_bH557e
100 1 _aHernández, Ramón,
_d1935-
_923439
245 1 0 _aEterna memoria /
_cRamón Hernández.
260 _aMadrid :
_bMondadori,
_c1988.
300 _a313 p. ;
_c20 cm.
490 1 _aMondadori bolsillo
_v25
490 1 _aNarrativa
_v25
650 4 _aNovela española
_91123
650 4 _aLiteratura española
_ySIGLO XX
_93326
830 0 _aMondadori bolsillo.
_pNarrativa ;
_v25
_929548
910 _aWM
049 _aBNGR
999 _c12406
_d12406